00458 2200193 4500001002100000005001500021008004100036020002200077035001900099041000700118082001000125090001600135100001500151245002200166260002400188300003300212500001000245650000900255INLIS00000000000214520241224112501241224||||||||| | ||| |||| || |  a978-979-054-236-5 0010-1224002145 aid0 a612.3 a612.3 DEN a0 aDeny Riana00aApakah Gizi Itu ? aBogorbQuadrac2010 avi, 76 hlm. : ilus, ; 24 cm. aCet.1 0agizi